000 01091nam a2200301 i 4500
001 bg
100 1 _aSIMON, Marvin Kenneth
_d(1939- )
245 1 0 _aDigital communication over fading channels /
_cMarvin K. Simon, Mohamed-Slim Alouini.
250 _a2nd ed.
260 _aHoboken :
_bWiley Interscience,
_c2005.
300 _aXXXIV, 900 s. :
_bwykr. ;
_c24 cm.
490 1 _aWiley Series in Telecommunications and Signal Processing
504 _aBibliogr. - Indeks.
650 9 _aTransmisja danych
650 9 _aTeoria sygnałów
650 9 _aUkłady cyfrowe
_xstosowanie
_xtelekomunikacja
650 9 _aNadajniki radiowe
700 1 _aALOUINI, Mohamed-Slim
830 _aWiley Series in Telecommunications and Signal Processing
020 _a0471649538
040 _cBPK
041 0 _aeng
080 _a621.391:621.396:621.37
920 _a0-471-64953-8
942 _cKS
008 s pl f |000 0 pol
999 _c51296
_d51296
856 _uhttp://koha.tu.koszalin.pl/cgi-bin/koha/opac-detail.pl?biblionumber=51296
_yKatalog online BPK